Vedecké základy telesnej kultúry a ich prognóza v ČSSR

Bibliographic Details
Main Author: Stráňai, Karol, 1905-1999 (Author)
Format: Article
Language:Slovak
PhysicalDescription:Obr. 1. Res. rus., angl., lit. 100 zázn. v slov., češ., ruš., angl., nem., franc., poľ.
Subjects:

MARC

LEADER 00000nab a2200000 a 4500
001 vtls000210948
003 SK-MaSNL
005 20260311224554.0
008 150118|1984 xo ||||||| || 0 |slo
015 |a SNBRA19rr/mm-uuuuu 
035 |a CL0221061 
040 |a SNKBUCL  |b slo  |c SNKBUCL  |e AACR2 
041 0 |a slo 
044 |a xo  |c SK 
080 |a 796/799(437)  |2 1981 
100 1 |a Stráňai, Karol,  |d 1905-1999  |4 aut  |9 117339 
245 1 0 |a Vedecké základy telesnej kultúry a ich prognóza v ČSSR  |c Karol Stráňai 
300 |b Obr. 1. Res. rus., angl., lit. 100 zázn. v slov., češ., ruš., angl., nem., franc., poľ. 
650 0 7 |a telesná kultúra  |2 snkbucl  |9 68315 
651 7 |a Československo  |2 snkbucl  |9 21376 
655 7 |a články zo zborníkov  |2 snkbucl  |9 166140 
773 0 |t Acta Facultatis educationis physicae Universitatis Comenianae 23  |d Bratislava : SPN, 1984  |g S. 15-42 
850 |a Slovenská národná knižnica v Martine  |a MTA001 
852 |a SNK  |b KIS3GCP 
958 |a RK 
958 |a NB 
992 |a RZB 
999 |c 3260332  |d 3262262